000 004960000a22001810004500
020 _a0-912552-43-3
041 0 _aENG
082 0 4 _aG 266 W7462h
100 1 _aWilson, Sam
245 1 0 _aThe hidden half : Discovering the world of unreached peoples / Sam Wilson, Gordon Aeschliman
260 _aMonrovia, CA., USA : MARC
300 _a152 Pag
001 7308
942 _cBK
999 _c37524
_d37524
336 _atexto
_btxt
_2rdacontent
337 _2rdamedia
_asin mediación
_bn
338 _2rdacarrier
_avolumen
_bnc